[Event "RN-2017-0-01252"]
[Site "LSS email"]
[Date "2017.02.03"]
[Round "?"]
[White "Venturas, Bob"]
[Black "Lebduska, Daniel"]
[Result "0-1"]
[WhiteElo "639"]
[BlackElo "531"]
[PlyCount "88"]
[EventDate "2017.01.22"]
[EventType "tourn (corr)"]
[EventRounds "6"]
[EventCountry "GER"]
[SourceTitle "Corr 2022"]
[Source "ChessBase"]
[SourceDate "2021.10.24"]
[SourceVersion "1"]
[SourceVersionDate "2021.10.24"]
[SourceQuality "1"]

1. e4 e5 2. Nf3 Nc6 3. a3 h6 4. Nc3 Bc5 5. Bc4 Nf6 6. d3 a6 7. h3 0-0 8. 0-0 d6 9. Be3 Bd4 10. Qd2 Be6 11. b3 Bxe3 12. fxe3 Qd7 13. d4 Bxc4 14. bxc4 exd4 15. exd4 Rfe8 16. Rae1 Na5 17. Qd3 Nc6 18. d5 Ne7 19. e5 Nh5 20. e6 fxe6 21. Rxe6 Nf4 22. Rxe7 Qxe7 23. Qd2 Nh5 24. Nd4 Rf8 25. Re1 Qf6 26. Ne4 Qg6 27. Ne6 Rfc8 28. Rf1 Qxe4 29. Qd3 Qxd3 30. cxd3 Ng3 31. Rf3 Ne2+ 32. Kf2 Nc3 33. Ke1 Na4 34. Kd2 Nc5 35. Re3 Nxe6 36. Rxe6 Rf8 37. Ke2 Rf6 38. Re7 Rc8 39. g4 Rf7 40. Re4 Rcf8 41. Kd2 Rf3 42. h4 R3f4 43. h5 Rxe4 44. dxe4 Rf4 0-1

[Event "SN-2016-0-00781"]
[Site "LSS email"]
[Date "2016.08.04"]
[Round "?"]
[White "Lebduska, Daniel"]
[Black "Neumann, Otto"]
[Result "0-1"]
[WhiteElo "507"]
[BlackElo "850"]
[PlyCount "48"]
[EventDate "2016.07.16"]
[EventType "tourn (corr)"]
[EventRounds "6"]
[EventCountry "GER"]
[SourceTitle "Corr 2022"]
[Source "ChessBase"]
[SourceDate "2021.10.24"]
[SourceVersion "1"]
[SourceVersionDate "2021.10.24"]
[SourceQuality "1"]

1. e4 c6 2. Nf3 d5 3. e5 Bf5 4. d4 e6 5. g3 Ne7 6. Bg5 h6 7. Bf4 Ng6 8. Be3 Nd7 9. Bg2 Bb4+ 10. c3 Ba5 11. 0-0 0-0 12. b4 Bc7 13. Nbd2 Nb6 14. a4 Nd7 15. h4 Bg4 16. Kh2 f6 17. Bh3 Bxh3 18. Kxh3 fxe5 19. dxe5 Ndxe5 20. Bc5 Rf7 21. Nxe5 Bxe5 22. Qc2 Ne7 23. f4 Bc7 24. Qg6 Nxg6 0-1

[Event "SN-2016-0-00781"]
[Site "LSS email"]
[Date "2016.08.04"]
[Round "?"]
[White "Pocol, Horacio"]
[Black "Lebduska, Daniel"]
[Result "1/2-1/2"]
[WhiteElo "955"]
[BlackElo "507"]
[PlyCount "201"]
[EventDate "2016.07.16"]
[EventType "tourn (corr)"]
[EventRounds "6"]
[EventCountry "GER"]
[SourceTitle "Corr 2022"]
[Source "ChessBase"]
[SourceDate "2021.10.24"]
[SourceVersion "1"]
[SourceVersionDate "2021.10.24"]
[SourceQuality "1"]

1. Nc3 e5 2. e4 Nf6 3. a3 a6 4. Nf3 Nc6 5. h3 Bc5 6. b4 Ba7 7. Bc4 h6 8. Bb2 b6 9. Qe2 Bb7 10. Bxa6 Bxa6 11. b5 Nd4 12. Nxd4 exd4 13. Nd5 Bb7 14. Nxf6+ Qxf6 15. Qd3 c5 16. 0-0 0-0 17. c3 Bb8 18. f3 Qg6 19. cxd4 Qd6 20. e5 Qd5 21. Rfe1 c4 22. Qc3 Ra5 23. a4 Rc8 24. Qe3 Qe6 25. Bc3 Ra8 26. f4 Qd5 27. Re2 Bc7 28. h4 Re8 29. Kh2 d6 30. Qg3 f6 31. exf6 Qf7 32. Rxe8+ Rxe8 33. Re1 Rxe1 34. Qxe1 Qxf6 35. g3 Bc8 36. Qe8+ Qf8 37. Qc6 Qe7 38. Qxc4+ Kh8 39. d5 Qd7 40. Qf1 Qg4 41. Bd4 Bf5 42. d3 Qh5 43. Qe1 Bxd3 44. Bxg7+ Kxg7 45. Qc3+ Kf8 46. Qxd3 Bd8 47. Kh3 Qf7 48. Qd4 h5 49. Qh8+ Ke7 50. Qd4 Qf5+ 51. Kg2 Kf7 52. Qc4 Qg6 53. Kh2 Qg4 54. Qe4 Kf6 55. Qd4+ Kf7 56. Qd3 Qg6 57. Qc3 Qb1 58. Qf3 Qc2+ 59. Kg1 Kg6 60. Qe3 Qc5 61. Qf2 Bf6 62. f5+ Kg7 63. Qxc5 dxc5 64. Kf2 Be5 65. Kf3 Kf6 66. g4 hxg4+ 67. Kxg4 c4 68. Kf3 Kxf5 69. Ke3 c3 70. Kd3 Kf4 71. Kc2 Ke4 72. d6 Bxd6 73. Kxc3 Kd5 74. Kd3 Kc5 75. Kc3 Be5+ 76. Kb3 Bd4 77. h5 Be5 78. h6 Bf6 79. h7 Bg7 80. Kc2 Kb4 81. Kd3 Ba1 82. Ke4 Kxa4 83. Kd5 Kxb5 84. Kd6 Ka6 85. Kd5 b5 86. Kc5 Ka5 87. Kd5 b4 88. Kc4 Ka4 89. Kd3 Ka3 90. Kc2 Ka2 91. Kd3 b3 92. Kd2 b2 93. h8Q b1Q 94. Qa8+ Kb2 95. Qb7+ Ka2 96. Qa6+ Kb2 97. Qb5+ Ka2 98. Qa4+ Kb2 99. Qb4+ Ka2 100. Qa4+ Kb2 101. Qb4+ 1/2-1/2

[Event "SN-2015-0-00696"]
[Site "LSS email"]
[Date "2015.08.20"]
[Round "?"]
[White "Wittlieb, Friedhelm"]
[Black "Lebduska, Daniel"]
[Result "0-1"]
[WhiteElo "875"]
[BlackElo "512"]
[PlyCount "66"]
[EventDate "2015.07.31"]
[EventType "tourn (corr)"]
[EventRounds "6"]
[EventCountry "GER"]
[SourceTitle "Corr 2022"]
[Source "ChessBase"]
[SourceDate "2021.10.24"]
[SourceVersion "1"]
[SourceVersionDate "2021.10.24"]
[SourceQuality "1"]

1. d4 e6 2. Nf3 Nc6 3. Bg5 Be7 4. e4 h6 5. Bf4 d5 6. exd5 Qxd5 7. Be2 Nxd4 8. Nc3 Bb4 9. Bb5+ c6 10. Bd3 Nf6 11. Ne5 Ne4 12. 0-0 Nxc3 13. bxc3 Bxc3 14. Rb1 0-0 15. Qg4 Nf5 16. Nc4 Bd7 17. Bd6 Rfe8 18. Bf4 b5 19. Ne5 Bxe5 20. Rbe1 Bc3 21. Rd1 Qxa2 22. Be4 Rad8 23. Qf3 Nd4 24. Qxc3 Ne2+ 25. Kh1 Nxc3 26. Ra1 Qc4 27. f3 Nxe4 28. fxe4 Qxe4 29. Rxa7 e5 30. Bd2 Bh3 31. Rf3 Bg4 32. Re3 Qxc2 33. Re2 Bxe2 0-1

[Event "SN-2015-0-00683"]
[Site "LSS email"]
[Date "2015.06.12"]
[Round "?"]
[White "Gyongyosi, Peter Laszlo"]
[Black "Lebduska, Daniel"]
[Result "1-0"]
[WhiteElo "782"]
[BlackElo "502"]
[PlyCount "47"]
[EventDate "2015.05.15"]
[EventType "tourn (corr)"]
[EventRounds "6"]
[EventCountry "GER"]
[SourceTitle "Corr 2022"]
[Source "ChessBase"]
[SourceDate "2021.10.24"]
[SourceVersion "1"]
[SourceVersionDate "2021.10.24"]
[SourceQuality "1"]

1. e4 e5 2. Nf3 d6 3. Bc4 h6 4. 0-0 Nf6 5. d3 Be7 6. Be3 0-0 7. Nbd2 a6 8. a3 Ng4 9. Qe2 Nxe3 10. fxe3 Nc6 11. b4 Be6 12. Bxe6 fxe6 13. h3 b5 14. c4 Qb8 15. Nh2 Qb6 16. Nb3 Bg5 17. c5 dxc5 18. Nxc5 Rad8 19. Nf3 Be7 20. Rac1 a5 21. Nxe6 Rxf3 22. Qxf3 Rxd3 23. Qf7+ Kh8 24. Qxg7# 1-0

[Event "SN-2015-0-00681"]
[Site "LSS email"]
[Date "2015.05.29"]
[Round "?"]
[White "Heiser, Jerome"]
[Black "Lebduska, Daniel"]
[Result "1-0"]
[WhiteElo "677"]
[BlackElo "522"]
[PlyCount "31"]
[EventDate "2015.04.30"]
[EventType "tourn (corr)"]
[EventRounds "6"]
[EventCountry "GER"]
[SourceTitle "Corr 2022"]
[Source "ChessBase"]
[SourceDate "2021.10.24"]
[SourceVersion "1"]
[SourceVersionDate "2021.10.24"]
[SourceQuality "1"]

1. e4 e5 2. Nf3 d6 3. Bc4 h6 4. 0-0 Nf6 5. Nc3 Be7 6. d4 exd4 7. Nxd4 0-0 8. h3 Bd7 9. Nf5 Re8 10. Bf4 a6 11. Nd5 Nxe4 12. Ndxe7+ Rxe7 13. Nxe7+ Qxe7 14. Re1 Bf5 15. Qd5 c6 16. Qxf5 1-0

[Event "SN-2015-0-00681"]
[Site "LSS email"]
[Date "2015.05.29"]
[Round "?"]
[White "Simmons, Ernest"]
[Black "Lebduska, Daniel"]
[Result "1-0"]
[WhiteElo "861"]
[BlackElo "522"]
[PlyCount "79"]
[EventDate "2015.04.30"]
[EventType "tourn (corr)"]
[EventRounds "6"]
[EventCountry "GER"]
[SourceTitle "Corr 2022"]
[Source "ChessBase"]
[SourceDate "2021.10.24"]
[SourceVersion "1"]
[SourceVersionDate "2021.10.24"]
[SourceQuality "1"]

1. d4 d5 2. c4 Nf6 3. Nc3 dxc4 4. e3 Be6 5. Nf3 g6 6. Be2 Bg7 7. Qa4+ c6 8. Bxc4 b5 9. Nxb5 cxb5 10. Bxb5+ Nbd7 11. 0-0 0-0 12. Qd1 a6 13. Be2 Nb6 14. b3 Nbd5 15. Bb2 Ne4 16. Rc1 Qa5 17. a4 Qb6 18. Bd3 f5 19. Bxe4 fxe4 20. Nd2 Nf6 21. Ba3 Rfe8 22. Qc2 Bd5 23. Qc7 Qe6 24. b4 Rac8 25. Qa7 Ra8 26. Qc5 Qd7 27. Qc2 Bc6 28. Qxc6 Qf5 29. Qc2 Rec8 30. Qa2+ Kf8 31. Rxc8+ Rxc8 32. h3 Nd5 33. Qb2 Rb8 34. Qb3 a5 35. b5 Rc8 36. Nc4 Ra8 37. b6 Qe6 38. b7 Rb8 39. Nxa5 h5 40. Bc5 1-0

[Event "SN-2015-0-00675"]
[Site "LSS email"]
[Date "2015.04.17"]
[Round "?"]
[White "Lebduska, Daniel"]
[Black "Raines, David T"]
[Result "0-1"]
[WhiteElo "538"]
[BlackElo "1171"]
[PlyCount "50"]
[EventDate "2015.03.31"]
[EventType "tourn (corr)"]
[EventRounds "6"]
[EventCountry "GER"]
[SourceTitle "Corr 2022"]
[Source "ChessBase"]
[SourceDate "2021.10.24"]
[SourceVersion "1"]
[SourceVersionDate "2021.10.24"]
[SourceQuality "1"]

1. e4 c5 2. Bc4 e6 3. d3 Nc6 4. Nf3 Nf6 5. h3 Be7 6. Nc3 0-0 7. 0-0 d5 8. exd5 exd5 9. Bb5 Qc7 10. a3 a6 11. Ba4 b5 12. Bb3 c4 13. dxc4 dxc4 14. Ba2 Bb7 15. b3 Rad8 16. Bd2 Nd4 17. Nxd4 Rxd4 18. b4 Rfd8 19. Nb1 Qc6 20. f3 Nd5 21. Qe1 Bf6 22. Nc3 Rxd2 23. Nxd5 Qxd5 24. c3 Bxc3 25. Qe3 Bd4 0-1

[Event "SN-2015-0-00669"]
[Site "LSS email"]
[Date "2015.03.18"]
[Round "?"]
[White "Lebduska, Daniel"]
[Black "Stasilo, Jakub"]
[Result "1-0"]
[WhiteElo "531"]
[BlackElo "800"]
[PlyCount "37"]
[EventDate "2015.02.24"]
[EventType "tourn (corr)"]
[EventRounds "6"]
[EventCountry "GER"]
[SourceTitle "Corr 2022"]
[Source "ChessBase"]
[SourceDate "2021.10.24"]
[SourceVersion "1"]
[SourceVersionDate "2021.10.24"]
[SourceQuality "1"]

1. e4 e5 2. Nf3 Nc6 3. Nc3 f5 4. exf5 Nge7 5. Bd3 d6 6. g4 g6 7. b3 gxf5 8. gxf5 Nxf5 9. Bxf5 Bxf5 10. d3 Qd7 11. Nh4 Bg4 12. f3 Be6 13. Bg5 Rg8 14. f4 exf4 15. Ne4 Bg4 16. Qxg4 Qxg4 17. Nf6+ Ke7 18. Nxg4+ Kd7 19. Nf6+ 1-0

[Event "RN-2015-0-00942"]
[Site "LSS email"]
[Date "2015.03.15"]
[Round "?"]
[White "Chandler, Mark"]
[Black "Lebduska, Daniel"]
[Result "1-0"]
[WhiteElo "1107"]
[BlackElo "529"]
[PlyCount "37"]
[EventDate "2015.03.05"]
[EventType "tourn (corr)"]
[EventRounds "6"]
[EventCountry "GER"]
[SourceTitle "Corr 2022"]
[Source "ChessBase"]
[SourceDate "2021.10.24"]
[SourceVersion "1"]
[SourceVersionDate "2021.10.24"]
[SourceQuality "1"]

1. e4 e5 2. Nf3 Nc6 3. d4 exd4 4. Nxd4 Nxd4 5. Qxd4 Nf6 6. Bc4 b6 7. e5 Bc5 8. Qf4 Qe7 9. 0-0 Nh5 10. Qf3 c6 11. Qxh5 Bb7 12. Bg5 Qf8 13. Nc3 Bd4 14. e6 dxe6 15. Bxe6 h6 16. Qg4 Bxf2+ 17. Rxf2 f6 18. Bxf6 gxf6 19. Qg6+ 1-0

[Event "RN-2015-0-00942"]
[Site "LSS email"]
[Date "2015.03.15"]
[Round "?"]
[White "Lenz, Juergen"]
[Black "Lebduska, Daniel"]
[Result "1-0"]
[WhiteElo "1067"]
[BlackElo "529"]
[PlyCount "121"]
[EventDate "2015.03.05"]
[EventType "tourn (corr)"]
[EventRounds "6"]
[EventCountry "GER"]
[SourceTitle "Corr 2022"]
[Source "ChessBase"]
[SourceDate "2021.10.24"]
[SourceVersion "1"]
[SourceVersionDate "2021.10.24"]
[SourceQuality "1"]

1. d4 d5 2. Nf3 Nc6 3. Bf4 Nf6 4. e3 a6 5. c4 e6 6. Nc3 Be7 7. Be2 h6 8. h3 0-0 9. 0-0 dxc4 10. Bxc4 Bd7 11. a3 Nh5 12. Bh2 Nf6 13. b4 b5 14. Ba2 Bc8 15. e4 Bb7 16. d5 exd5 17. exd5 Nb8 18. Re1 a5 19. Qd4 c6 20. dxc6 Nxc6 21. Qxd8 Raxd8 22. bxa5 Nxa5 23. Rxe7 Bxf3 24. Bc7 Ra8 25. gxf3 Nc6 26. Ree1 Na7 27. Bb6 Nc6 28. Bc5 Rfc8 29. Nxb5 Ra5 30. Nd6 Rca8 31. Bxf7+ Kh8 32. Rac1 Ne5 33. Re3 Nxf7 34. Nxf7+ Kg8 35. Ne5 Rc8 36. Rec3 Nh5 37. Kf1 Nf4 38. Bb4 Rxc3 39. Rxc3 Rxe5 40. Re3 Rh5 41. Re4 Nxh3 42. a4 Ng5 43. Rf4 Ne6 44. Rc4 Ng5 45. Ke2 Rh3 46. Rf4 Ne6 47. Rc4 Ng5 48. f4 Rh4 49. a5 Ne6 50. a6 Nxf4+ 51. Kf3 Rh3+ 52. Kg4 Rh2 53. Rxf4 h5+ 54. Kf5 Rh1 55. Bc5 h4 56. Ra4 Rc1 57. Be3 h3 58. Rh4 Rc6 59. a7 Ra6 60. Rxh3 Rxa7 61. Bxa7 1-0

[Event "SN-2015-0-00666"]
[Site "LSS email"]
[Date "2015.03.04"]
[Round "?"]
[White "Lebduska, Daniel"]
[Black "Krivosheya, Dmitrij"]
[Result "1-0"]
[WhiteElo "531"]
[BlackElo "796"]
[PlyCount "51"]
[EventDate "2015.02.06"]
[EventType "tourn (corr)"]
[EventRounds "6"]
[EventCountry "GER"]
[SourceTitle "Corr 2022"]
[Source "ChessBase"]
[SourceDate "2021.10.24"]
[SourceVersion "1"]
[SourceVersionDate "2021.10.24"]
[SourceQuality "1"]

1. e4 Nc6 2. Nc3 e5 3. Nf3 Bc5 4. Bc4 Nh6 5. d3 0-0 6. 0-0 a6 7. Bxh6 b5 8. Bxg7 Kxg7 9. Bd5 f6 10. Nh4 f5 11. Nxf5+ Kh8 12. Qg4 Rxf5 13. exf5 d6 14. Bxc6 Rb8 15. Nd5 Qf8 16. Nxc7 Bxf5 17. Qh4 Rc8 18. Nd5 Rxc6 19. Ne7 Rc7 20. Nxf5 d5 21. Ne3 Be7 22. Qg3 Bf6 23. Nxd5 Rc6 24. f4 Bg7 25. fxe5 Qg8 26. Ne7 1-0

[Event "SN-2015-0-00666"]
[Site "LSS email"]
[Date "2015.03.03"]
[Round "?"]
[White "Lebduska, Daniel"]
[Black "Shim Ng Min, Francis"]
[Result "1/2-1/2"]
[WhiteElo "531"]
[BlackElo "1253"]
[PlyCount "70"]
[EventDate "2015.02.06"]
[EventType "tourn (corr)"]
[EventRounds "6"]
[EventCountry "GER"]
[SourceTitle "Corr 2022"]
[Source "ChessBase"]
[SourceDate "2021.10.24"]
[SourceVersion "1"]
[SourceVersionDate "2021.10.24"]
[SourceQuality "1"]

1. e4 c5 2. Bc4 e6 3. Nf3 d6 4. a3 Nf6 5. Nc3 Be7 6. d3 Nc6 7. 0-0 0-0 8. h3 d5 9. exd5 exd5 10. Bb3 h6 11. Bf4 a6 12. d4 c4 13. Ba2 Be6 14. Na4 b5 15. Nc5 Bxc5 16. dxc5 Ne4 17. Be3 Qe7 18. b4 cxb3 19. cxb3 Rfc8 20. b4 a5 21. bxa5 Rxa5 22. Qd3 Nxc5 23. Bxc5 Qxc5 24. Bb1 g6 25. Nh4 Ne5 26. Qd2 Rxa3 27. Rxa3 Qxa3 28. Qxh6 Qf8 29. Qe3 Qg7 30. Nf3 Nxf3+ 31. Qxf3 Rc3 32. Qe2 b4 33. Qb5 b3 34. h4 Rc8 35. Qxb3 Qc3 1/2-1/2

[Event "SN-2015-0-00666"]
[Site "LSS email"]
[Date "2015.03.03"]
[Round "?"]
[White "Ortega, Rayner"]
[Black "Lebduska, Daniel"]
[Result "1-0"]
[WhiteElo "504"]
[BlackElo "531"]
[PlyCount "53"]
[EventDate "2015.02.06"]
[EventType "tourn (corr)"]
[EventRounds "6"]
[EventCountry "GER"]
[SourceTitle "Corr 2022"]
[Source "ChessBase"]
[SourceDate "2021.10.24"]
[SourceVersion "1"]
[SourceVersionDate "2021.10.24"]
[SourceQuality "1"]

1. e4 e5 2. Nf3 d6 3. Nc3 Nf6 4. d4 exd4 5. Nxd4 h6 6. Bd3 Be7 7. 0-0 Bd7 8. Be3 Nc6 9. Nxc6 Bxc6 10. Bb5 Bxb5 11. Nxb5 a6 12. Nd4 0-0 13. Nf5 Nxe4 14. Bxh6 Bg5 15. Qg4 gxh6 16. Nxh6+ Kh7 17. Nf5 d5 18. Qh5+ Kg8 19. Nh6+ Bxh6 20. Qxh6 c6 21. Rae1 Nd2 22. Qxd2 Qb6 23. Re5 f6 24. Rh5 Rf7 25. Qh6 Rd7 26. Qg6+ Kf8 27. Rh8+ 1-0

[Event "OP-2015-0-03660"]
[Site "LSS email"]
[Date "2015.03.03"]
[Round "?"]
[White "Shim Ng Min, Francis"]
[Black "Lebduska, Daniel"]
[Result "1-0"]
[WhiteElo "1288"]
[BlackElo "524"]
[PlyCount "51"]
[EventDate "2015.02.26"]
[EventType "tourn (corr)"]
[EventRounds "4"]
[EventCountry "GER"]
[SourceTitle "Corr 2022"]
[Source "ChessBase"]
[SourceDate "2021.10.24"]
[SourceVersion "1"]
[SourceVersionDate "2021.10.24"]
[SourceQuality "1"]

1. e4 e5 2. Nf3 d6 3. d4 exd4 4. Nxd4 Nf6 5. Nc3 h6 6. Be2 Be7 7. Be3 Bd7 8. Qd2 Nc6 9. 0-0-0 a6 10. f3 0-0 11. g4 g5 12. h4 Nh7 13. hxg5 Nxd4 14. Bxd4 Bxg5 15. f4 Be7 16. Rxh6 c5 17. Be3 b5 18. Rdh1 Nf6 19. g5 Ng4 20. Rh8+ Kg7 21. R1h7+ Kg6 22. f5+ Bxf5 23. exf5+ Kxf5 24. Qd3+ Ke6 25. Bxg4+ f5 26. gxf6+ 1-0

[Event "RN-2015-0-00936"]
[Site "LSS email"]
[Date "2015.03.03"]
[Round "?"]
[White "Shim Ng Min, Francis"]
[Black "Lebduska, Daniel"]
[Result "1-0"]
[WhiteElo "1288"]
[BlackElo "524"]
[PlyCount "37"]
[EventDate "2015.02.26"]
[EventType "tourn (corr)"]
[EventRounds "6"]
[EventCountry "GER"]
[SourceTitle "Corr 2022"]
[Source "ChessBase"]
[SourceDate "2021.10.24"]
[SourceVersion "1"]
[SourceVersionDate "2021.10.24"]
[SourceQuality "1"]

1. e4 e5 2. Nf3 d6 3. d4 exd4 4. Nxd4 Nf6 5. Nc3 h6 6. Be2 Be7 7. Bf4 Bd7 8. f3 Nc6 9. Qd2 Nh5 10. Be3 0-0 11. 0-0-0 a6 12. g4 Nf6 13. h4 Nh7 14. Rdg1 f6 15. Bc4+ Kh8 16. g5 fxg5 17. hxg5 Nxd4 18. Bxd4 Nxg5 19. Rxh6+ 1-0

[Event "SN-2015-0-00661"]
[Site "LSS email"]
[Date "2015.02.04"]
[Round "?"]
[White "Lebduska, Daniel"]
[Black "Raines, David T"]
[Result "0-1"]
[WhiteElo "543"]
[BlackElo "1108"]
[PlyCount "32"]
[EventDate "2015.01.25"]
[EventType "tourn (corr)"]
[EventRounds "6"]
[EventCountry "GER"]
[SourceTitle "Corr 2022"]
[Source "ChessBase"]
[SourceDate "2021.10.24"]
[SourceVersion "1"]
[SourceVersionDate "2021.10.24"]
[SourceQuality "1"]

1. e4 Nf6 2. Nc3 e5 3. Nf3 d6 4. Bc4 Be7 5. d4 Bg4 6. d5 Nbd7 7. h3 Bh5 8. 0-0 0-0 9. Qd3 a6 10. Nh4 b5 11. Bb3 Nc5 12. Qg3 Ncxe4 13. Qe3 Nxc3 14. Qxc3 Ne4 15. Qd4 exd4 16. Nf5 Bh4 0-1

[Event "SN-2015-0-00660"]
[Site "LSS email"]
[Date "2015.02.03"]
[Round "?"]
[White "Caudill, Tom"]
[Black "Lebduska, Daniel"]
[Result "0-1"]
[WhiteElo "781"]
[BlackElo "543"]
[PlyCount "80"]
[EventDate "2015.01.22"]
[EventType "tourn (corr)"]
[EventRounds "6"]
[EventCountry "GER"]
[SourceTitle "Corr 2022"]
[Source "ChessBase"]
[SourceDate "2021.10.24"]
[SourceVersion "1"]
[SourceVersionDate "2021.10.24"]
[SourceQuality "1"]

1. e4 e5 2. Nf3 d6 3. Bb5+ Bd7 4. Bxd7+ Nxd7 5. Nc3 g6 6. d3 Ngf6 7. d4 exd4 8. Nxd4 Bg7 9. Bg5 0-0 10. 0-0 Qe8 11. Re1 h6 12. Bxf6 Bxf6 13. Nd5 Bd8 14. Qg4 h5 15. Qg3 c6 16. Nf4 Kh7 17. Qh3 Nf6 18. Qd3 Qe5 19. g3 Bb6 20. c3 Ng4 21. h3 Nf6 22. Nf3 Qc5 23. Nd4 Nd7 24. b4 Qe5 25. Nf3 Qe7 26. h4 Nf6 27. e5 Ng4 28. Re2 dxe5 29. Ng5+ Kh6 30. Rae1 Bc7 31. Nfh3 f6 32. Ne4 Rfd8 33. Qc2 b5 34. Qc1+ Kh7 35. Kg2 a5 36. Neg5+ Kg7 37. Ne4 Qd7 38. Nxf6 Nxf6 39. f3 Qd6 40. Rd1 Qxd1 0-1